000 00419nam a2200145Ia 4500
008 090124s9999 xx 000 0 und d
082 _b33628
245 _a लौकिक अलौकिक
250 _a1
260 _bभानुशाली पांडुरंग
_c2006
300 _a133
630 _a लौकिक अलौकिक
730 _a लौकिक अलौकिक
942 _cBOOK
999 _c181177
_d181177